[Event "XIII Termo-Eko cup 2018"]
[Site "Riga"]
[Date "2018.12.25"]
[Round "8"]
[White "Berzinsh, Roland"]
[Black "Samolins, Vitalijs"]
[Result "1/2-1/2"]
[WhiteElo "2409"]
[BlackElo "2424"]
[Annotator "TA"]
[PlyCount "70"]
[EventDate "2018.12.21"]
[EventType "swiss"]
[EventCountry "LAT"]
[SourceTitle "playchess.com"]
[Source "ChessBase"]
[SourceQuality "1"]

{[%evp 23,70,0,4,-12,0,-35,-30,-37,-41,-30,0,-35,-18,-8,-20,-50,0,0,0,0,0,0,0,0,0,0,-6,-10,0,-57,-52,-91,-60,-63,-67,-111,-111,-96,-98,-114,-44,-55,-42,-43,0,-26,0,0,0]} 1. e4 e5 2. Nf3 Nc6 3. Bc4 Bc5 4. c3 Nf6 5. d4 exd4 6. e5 d5 7. Bb5 Ne4 8. cxd4 Bb6 9. Nc3 O-O 10. Be3 {C54: Giuoco Piano: 4 c3 Nf6, main lines with 5 d4 and 5 d3} Ne7 (10... Bg4 11. h3 Bh5 12. Qc2 Bg6 13. Qb3 Ne7 14. O-O c6 15. Bd3 Kh8 16. Nh4 c5 17. Nxg6+ fxg6 18. Bxe4 cxd4 19. Nxd5 Nxd5 {1-0 (51) Jones,G (2677)-Aronian,L (2780) Douglas 2018}) 11. Bd3 f5 12. exf6 Nxf6 {LiveBook: 3 Games} 13. Qc2 Nc6 14. a3 Bg4 15. Ne2 {[#]} Ne4 $1 {[%mdl 512]} 16. O-O-O (16. Bxe4 dxe4) 16... Qe7 $146 ({Predecessor:} 16... Bf5 17. Ng3 Nxg3 18. hxg3 {0-1 (71) Ventura,S (2017)-Zimina,O (2330) Bergamo 2013}) 17. Ng3 {[%cal Rg3e4]} Rxf3 18. gxf3 Bxf3 {[%mdl 64] Double Attack} 19. Qb3 Qf7 20. Nxe4 Na5 $1 {[%cal Ra5b3]} 21. Qc3 {[#] Threatens to win with Ng5.} dxe4 22. Bc2 {Hoping for b4.} Kh8 $36 {[%mdl 2048] Black is more active.} 23. Rhg1 Bxd1 24. Rxd1 Re8 25. Rg1 Nc6 26. Ba4 (26. Kb1 $11) 26... Qf6 $1 $15 {[%cal Rc6d4]} 27. Rg4 Nxd4 28. Kb1 Nc6 29. Qc4 Qe6 30. Qe2 Bxe3 31. fxe3 h6 (31... g6 $17 32. Bc2 Qd5) 32. Qg2 Re7 33. Bc2 {[%cal Rg4e4]} Qd5 34. Bxe4 Qd1+ 35. Ka2 Nb4+ {Accuracy: White = 52%, Black = 53%.} 1/2-1/2

[Event "XIII Termo-Eko cup 2018"]
[Site "Riga"]
[Date "2018.12.25"]
[Round "8"]
[White "Tihonov, Jurij"]
[Black "Starostits, Ilmars"]
[Result "1/2-1/2"]
[WhiteElo "2399"]
[BlackElo "2458"]
[Annotator "TA"]
[PlyCount "52"]
[EventDate "2018.12.21"]
[EventType "swiss"]
[EventCountry "LAT"]
[SourceTitle "playchess.com"]
[Source "ChessBase"]
[SourceQuality "1"]

{[%evp 19,52,37,42,24,33,30,47,40,38,31,38,56,43,21,72,85,82,0,84,89,104,69,79,65,132,120,227,215,235,185,195,7,10,-163,102]} 1. Nf3 d5 2. e3 Nf6 3. c4 e6 4. b3 Be7 5. Bb2 O-O 6. Nc3 c5 7. cxd5 exd5 8. d4 Nc6 9. Be2 Bf5 10. O-O Rc8 {LiveBook: 3 Games. D32: Tarrasch Defence: Sidelines and lines without g3} 11. Rc1 (11. dxc5 Bxc5 12. Nb5 Ne4 13. Rc1 Re8 14. Nbd4 Bd7 15. a3 a6 16. b4 Bxd4 17. Nxd4 Ne5 18. Nf3 Nxf3+ 19. Bxf3 Rxc1 20. Qxc1 {½-½ (90) Williams,S (2457)-Pranav,A (2269) Douglas 2018}) 11... cxd4 12. Nxd4 Bg6 {White has an edge.} 13. Nxc6 bxc6 14. Na4 Ne4 15. Ba6 $146 ({Predecessor:} 15. Qd4 Bf6 16. Qb4 Bxb2 17. Nxb2 {0-1 (43) Jeremic,M (2181)-Pastar,S (2307) Bosanska Krupa 2018}) 15... Rc7 $1 16. f3 Nd6 (16... Nf6 $11 {remains equal.}) 17. Bc3 $1 $16 Nf5 18. Qd2 (18. e4 $1 $16 {[%cal Re4f5]} dxe4 19. Qxd8 Bxd8 20. fxe4) 18... Rd7 (18... d4 $11 19. exd4 Rd7) 19. Ba5 $36 {[%mdl 2048] Black is under strong pressure.} Qe8 20. g4 Nh4 $1 {Threatens to win with ...f5.} 21. Rxc6 d4 ({Better is} 21... h5 $14) 22. Rc8 ({Don't play} 22. exd4 $6 Rxd4 23. Qc3 (23. Qxd4 Qxc6 24. Be2 Bf6 $11) 23... Rd2 $11) 22... Qxc8 (22... Bd8 $16 {was necessary.} 23. Bb4 (23. exd4 $2 Bxa5 24. Qg5 Bd8 $19) 23... dxe3) 23. Bxc8 $18 Rxc8 24. Bc3 d3 {[#]} 25. Kf2 $2 (25. e4 $1 $18) 25... f5 $11 {aiming for ...fxg4.} 26. gxf5 $2 {[#]} (26. Rg1 $11 {and White has nothing to worry.}) 26... Nxf5 $2 {Accuracy: White = 56%, Black = 36%.} (26... Bh5 $1 $19 27. Kg3 Nxf5+ 28. Kh3 Nh4) 1/2-1/2

[Event "XIII Termo-Eko cup 2018"]
[Site "Riga"]
[Date "2018.12.25"]
[Round "8"]
[White "Krykun, Yuriy"]
[Black "Kononenko, Dmitry"]
[Result "1-0"]
[WhiteElo "2323"]
[BlackElo "2613"]
[Annotator "TA"]
[PlyCount "110"]
[EventDate "2018.12.21"]
[EventType "swiss"]
[EventCountry "LAT"]
[SourceTitle "playchess.com"]
[Source "ChessBase"]
[SourceQuality "1"]

{[%evp 24,110,56,62,87,56,69,47,47,51,117,121,164,106,85,22,24,25,42,0,0,0,44,32,27,23,16,0,0,0,0,0,30,27,105,91,123,126,126,126,229,225,260,258,261,254,260,233,437,451,506,507,489,485,475,480,635,645,643,644,609,598,672,655,1239,1099,1366,1324,1129,1083,1955,1884,6440,6291,29977,29982,29986,29987,29987,29985,29985,29985,29982,29986,29987,29988,29988,29989,29990]} 1. Nf3 Nf6 2. c4 c5 3. Nc3 g6 4. e4 Bg7 5. d4 cxd4 6. Nxd4 O-O 7. Be2 Nc6 8. Be3 Nxd4 9. Bxd4 d6 10. O-O Nd7 11. Bxg7 Kxg7 {B38: Sicilian: Maroczy Bind with 5...Bg7 and 7...0-0} 12. Qd4+ f6 13. Rad1 {LiveBook: 3 Games} a6 {White is slightly better.} (13... Qb6 14. Qd2 Nc5 15. Nd5 Qd8 16. Qe3 e5 17. Nc3 Ne6 18. Nb5 Bd7 19. Rxd6 {1-0 (42) Navara,D (2722)-Popov,I (2613) Aix les Bains 2011}) 14. f4 Qb6 15. Nd5 $146 ({Predecessor:} 15. Qxb6 Nxb6 16. e5 fxe5 17. fxe5 Rxf1+ 18. Rxf1 dxe5 {½-½ (44) Dennis,N (2050)-Burns,M St Helier 2005}) 15... Qxd4+ 16. Rxd4 {Black must now prevent Nc7.} e5 (16... Kf7 $14) 17. Rdd1 $16 {Nc7 is the strong threat.} Nc5 {[#]} 18. Nb6 (18. b4 $1 $18 {[%cal Rb4c5]} Na4 19. Nc7) 18... Rb8 19. Nxc8 ({White should try} 19. Bf3 $16) 19... Rbxc8 $11 20. Rxd6 Nxe4 21. Rd7+ Rf7 22. Rfd1 Rc7 23. Rxc7 Rxc7 24. fxe5 fxe5 $14 {[%mdl 4096] Endgame KRB-KRN} 25. Rd3 Kf6 26. b4 a5 27. bxa5 h5 28. Rb3 Nc5 (28... h4 $11 {keeps the balance.}) 29. Rb6+ $16 Kf5 30. Kf2 Ke4 31. Rd6 Rf7+ (31... h4 $16 32. Bf3+ (32. Rxg6 Nd3+ 33. Bxd3+ Kxd3 $14) 32... Kf4) 32. Bf3+ $18 Kf4 33. g3+ ({Much less strong is} 33. Rxg6 $6 Rd7 $16) 33... Kf5 34. Ke3 Rc7 35. h4 e4 $2 (35... Rc8 36. Bg2 g5) 36. Bg2 g5 {If Black can now play ...Kg4 this consolidates a bit.} 37. Rd5+ Kf6 38. Rxg5 Ne6 39. Rxh5 Ng7 40. Rh6+ Ke5 41. Bxe4 Rxc4 42. Bd3 Rc3 43. Rb6 Ra3 {If only Black now had time for ...Nf5+....} 44. Rb5+ Kf6 45. g4 {[%cal Bg3g4,Bg4g5][%mdl 32]} Ne6 46. g5+ Ke7 47. h5 {[%cal Bh4h5,Bh5h6,Bh6h7][%mdl 32]} Rxa2 48. Rxb7+ Kf8 49. a6 {[%cal Ba5a6,Ba6a7][%mdl 32] White mates.} Nc5 {[#]} 50. h6 $1 Ra3 51. Rb8+ Ke7 52. h7 Rxd3+ 53. Ke2 Rh3 54. a7 Rh2+ 55. Kf3 Nd7 {Accuracy: White = 81%, Black = 25%.} 1-0

[Event "XIII Termo-Eko cup 2018"]
[Site "Riga"]
[Date "2018.12.26"]
[Round "9"]
[White "Starostits, Ilmars"]
[Black "Bernotas, Arturs"]
[Result "0-1"]
[WhiteElo "2458"]
[BlackElo "2403"]
[Annotator "ChessBase"]
[PlyCount "76"]
[EventDate "2018.12.21"]
[EventType "swiss"]
[EventCountry "LAT"]
[SourceTitle "playchess.com"]
[Source "ChessBase"]
[SourceQuality "1"]
[TimeControl "5400+30"]

1. d4 {[%emt 0:00:00]} Nf6 {[%emt 0:02:21]} 2. Nf3 {[%emt 0:00:00]} e6 {[%emt 0:00:30]} 3. Bf4 {[%emt 0:00:00]} c5 {[%emt 0:01:52]} 4. e3 {[%emt 0:00:00]} Nc6 {[%emt 0:01:23]} 5. Nbd2 {[%emt 0:00:49]} d5 {[%emt 0:00:37]} 6. c3 {[%emt 0:00:07]} Bd6 {[%emt 0:00:53]} 7. Bg3 {[%emt 0:00:21]} O-O {[%emt 0:00:28]} 8. Bd3 {[%emt 0:00:09]} b6 {[%emt 0:00:41]} 9. e4 {[%emt 0:00:15]} Be7 {[%emt 0:12:24]} 10. e5 {[%emt 0:10:30]} Nh5 {[%emt 0:10:26]} 11. a3 {[%emt 0:00:07]} g6 {[%emt 0:06:57]} 12. b4 {[%emt 0:00:33]} f5 {[%emt 0:05:22]} 13. exf6 {[%emt 0:01:45]} Bxf6 {[%emt 0:00:32]} 14. b5 {[%emt 0:06:02]} cxd4 {[%emt 0:16:13]} 15. bxc6 {[%emt 0:00:05]} dxc3 {[%emt 0:00:07]} 16. Nb3 {[%emt 0:00:07]} Nxg3 {[%emt 0:00:12]} 17. hxg3 {[%emt 0:00:15]} e5 {[%emt 0:01:44]} 18. c7 {[%emt 0:09:30]} Qd7 {[%emt 0:10:08]} 19. Bc2 {[%emt 0:03:45]} Bb7 {[%emt 0:01:45]} 20. Nh2 {[%emt 0:03:44]} d4 {[%emt 0:05:49]} 21. f3 {[%emt 0:02:49]} e4 {[%emt 0:04:34]} 22. fxe4 {[%emt 0:01:36]} Be5 {[%emt 0:01:06]} 23. Nf3 {[%emt 0:01:28]} Bxg3+ {[%emt 0:00:38]} 24. Kf1 {[%emt 0:05:19]} Qxc7 {[%emt 0:00:53]} 25. Nbxd4 {[%emt 0:13:24]} Rad8 {[%emt 0:01:22]} 26. Rh3 {[%emt 0:02:32]} Be5 {[%emt 0:05:53]} 27. Ke1 {[%emt 0:03:32]} Rxd4 {[%emt 0:02:46]} 28. Qe2 {[%emt 0:08:44]} Rd2 {[%emt 0:00:45]} 29. Bb3+ {[%emt 0:00:04]} Kh8 {[%emt 0:00:25]} 30. Qb5 {[%emt 0:00:09]} Bg3+ {[%emt 0:00:45]} 31. Kf1 {[%emt 0:00:04]} Bxe4 {[%emt 0:01:39]} 32. Kg1 {[%emt 0:00:31]} Bxf3 {[%emt 0:00:32]} 33. gxf3 {[%emt 0:00:06]} Qe5 {[%emt 0:00:28]} 34. Qxe5+ {[%emt 0:00:55]} Bxe5 {[%emt 0:00:03]} 35. Rc1 {[%emt 0:00:51]} Kg7 {[%emt 0:00:30]} 36. Kf1 {[%emt 0:00:51]} Rb2 {[%emt 0:00:18]} 37. Bd5 {[%emt 0:00:14]} Rd8 {[%emt 0:01:01]} 38. Be4 {[%emt 0:01:51]} Bf4 {[%emt 0:00:12]} 0-1

[Event "XIII Termo-Eko cup 2018"]
[Site "Riga"]
[Date "2018.12.26"]
[Round "9"]
[White "Samolins, Vitalijs"]
[Black "Stepins, Edgars"]
[Result "1/2-1/2"]
[WhiteElo "2424"]
[BlackElo "2323"]
[Annotator "TA"]
[PlyCount "37"]
[EventDate "2018.12.21"]
[EventType "swiss"]
[EventCountry "LAT"]
[SourceTitle "playchess.com"]
[Source "ChessBase"]
[SourceQuality "1"]

{[%evp 13,37,14,25,33,37,30,23,24,25,30,22,-8,-5,4,12,-47,0,0,13,0,0,0,-7,0,0,-10]} 1. e4 e5 2. Bc4 Nc6 3. d3 Nf6 4. Nc3 Bc5 5. f4 d6 6. Nf3 Bg4 7. Na4 Bb6 {LiveBook: 40 Games. C30: King's Gambit Declined} (7... Bxf3 8. Qxf3 Nd4 9. Qd1 b5 10. fxe5 bxc4 11. exf6 Qxf6 12. Nxc5 dxc5 13. c3 Nc6 14. dxc4 Ne5 15. Be3 O-O 16. Qe2 Rad8 {0-1 (25) Ponomariov,R (2712)-Tomashevsky,E (2728) Huaian 2016}) 8. c3 exf4 9. Bxf4 Qe7 $146 {White has an edge.} ({Predecessor:} 9... Nh5 10. Bg5 Qxg5 11. Nxg5 Bxd1 12. Bxf7+ Ke7 13. Rxd1 Nf4 14. Nxb6 axb6 15. O-O {1-0 (34) Jonkman,H (2345)-Ellenbroek,T (2120) Leeuwarden 1995}) 10. Nxb6 axb6 11. O-O Ne5 12. Bb3 (12. Bxe5 $5 dxe5 13. h3 Bxf3 14. Qxf3 $14) 12... Nxf3+ 13. gxf3 Bh3 14. Rf2 (14. Re1 $11) 14... Nh5 (14... g5 $5 {[%cal Rg5f4]} 15. Be3 (15. Bxg5 $2 Rg8 $17) 15... Rg8 $14) 15. Be3 {The position is equal.} g5 16. Kh1 Rg8 17. Qd2 Kd7 18. Rg1 {[%cal Re3g5]} h6 19. Qe1 {Precision: White = 38%, Black = 58%.} 1/2-1/2

[Event "XIII Termo-Eko cup 2018"]
[Site "Riga"]
[Date "2018.12.26"]
[Round "9"]
[White "Seeman, Tarvo"]
[Black "Berzinsh, Roland"]
[Result "1/2-1/2"]
[WhiteElo "2394"]
[BlackElo "2409"]
[Annotator "NA"]
[PlyCount "76"]
[EventDate "2018.12.21"]
[EventType "swiss"]
[EventCountry "LAT"]
[SourceTitle "playchess.com"]
[Source "ChessBase"]
[SourceQuality "1"]
[TimeControl "5400+30"]

{[%evp 8,73,29,18,34,45,29,-2,5,-2,0,0,21,0,0,0,0,-14,-9,0,7,0,32767,32767,32767,32767,32767,32767,32767,32767,32767,0,0,0,0,0,0,0,0,0,0,0,-7,-15,0,0,7,11,0,0,0,0,0,0,0,0,0,0,0,0,0,0,5,8,8,0,0,0]} 1. Nf3 {[%emt 0:00:00]} c5 {[%emt 0:00:17]} 2. c4 {[%emt 0:01:18]} Nf6 {[%emt 0:00:21]} 3. g3 {[%emt 0:00:11]} b6 {[%emt 0:00:07]} 4. Bg2 {[%emt 0:00:06]} Bb7 {[%emt 0:00:03]} 5. O-O {[%emt 0:00:15]} e6 {[%emt 0:00:06]} 6. Nc3 {[%emt 0:00:52]} Be7 {[%emt 0:00:09]} 7. b3 {[%emt 0:00:20]} O-O {[%emt 0:00:10]} 8. Bb2 {[%emt 0:00:04]} d5 {[%emt 0:03:22]} 9. e3 {[%emt 0:00:14]} Qc8 {[%emt 0:02:18] A14: English Opening: 1...e6 with b3 by White} 10. Rc1 {[%emt 0:07:33]} Rd8 {[%emt 0:00:39]} 11. cxd5 {[%emt 0:04:52]} Nxd5 {[%emt 0:00:07] LiveBook: 4 Games} 12. d4 {[%emt 0:02:01]} (12. Nxd5 Bxd5 13. d4 a5 14. dxc5 bxc5 15. Nh4 Bxg2 16. Qg4 Bf8 17. Nxg2 {½-½ (64) Artemiev,V (2706)-Kramnik,V (2779) Douglas 2018}) 12... Nxc3 {[%emt 0:01:18]} 13. Bxc3 {[%emt 0:01:33]} Be4 {[%emt 0:00:30] [#]} 14. Nh4 $146 {[%emt 0:08:01]} ({Predecessor:} 14. Ne5 Bxg2 15. Kxg2 Qb7+ 16. Qf3 Qxf3+ 17. Nxf3 {½-½ (32) Robson,R (2663)-Shankland,S (2656) Saint Louis 2016}) 14... Bxg2 {[%emt 0:18:39]} 15. Nxg2 {[%emt 0:00:27]} Nd7 {[%emt 0:00:08]} 16. Qf3 {[%emt 0:04:48]} Qa6 {[%emt 0:00:36]} 17. dxc5 {[%emt 0:01:56]} Nxc5 {[%emt 0:01:39]} 18. Nf4 {[%emt 0:05:27]} g6 {[%emt 0:11:29]} 19. Rc2 {[%emt 0:11:21]} Qb7 {[%emt 0:06:22]} 20. Qxb7 {[%emt 0:05:27]} Nxb7 {[%emt 0:01:20]} 21. Bb2 {[%emt 0:01:32]} Nc5 {[%emt 0:01:04]} 22. h4 {[%emt 0:01:16]} a5 {[%emt 0:00:16]} 23. Kg2 {[%emt 0:07:29]} f6 {[%emt 0:02:58]} 24. Bd4 {[%emt 0:06:25]} Kf7 {[%emt 0:00:17]} 25. Rb1 {[%emt 0:01:21]} Rd7 {[%emt 0:02:13]} 26. Ne2 {[%emt 0:00:59]} Nd3 {[%emt 0:02:11]} 27. Bxb6 {[%emt 0:02:23]} Nb4 {[%emt 0:01:40]} 28. Rc7 {[%emt 0:02:12]} Rxc7 {[%emt 0:11:06]} 29. Bxc7 {[%emt 0:00:02]} Ra7 {[%emt 0:00:04]} 30. Rc1 {[%emt 0:04:31]} e5 {[%emt 0:04:06]} 31. e4 {[%emt 0:01:17]} Nxa2 {[%emt 0:05:00]} 32. Rc4 {[%emt 0:00:07]} Ke6 {[%emt 0:03:06]} 33. f4 {[%emt 0:01:40]} Kd7 {[%emt 0:00:51]} 34. Bb6 {[%emt 0:00:14]} Ra6 {[%emt 0:02:30]} 35. Rc7+ {[%emt 0:02:40]} Kd6 {[%emt 0:00:29]} 36. fxe5+ {[%emt 0:01:20]} fxe5 {[%emt 0:00:06]} 37. Rb7 $11 {[%emt 0:00:09]} h5 {[%emt 0:01:48]} 38. Kf3 {[%emt 0:02:23]} Ke6 {[%emt 0:03:45]} 1/2-1/2

[Event "XIII Termo-Eko cup 2018"]
[Site "Riga"]
[Date "2018.12.26"]
[Round "9"]
[White "Krykun, Yuriy"]
[Black "Meshkovs, Nikita"]
[Result "0-1"]
[WhiteElo "2323"]
[BlackElo "2542"]
[Annotator "RC"]
[PlyCount "72"]
[EventDate "2018.12.21"]
[EventType "swiss"]
[EventCountry "LAT"]
[SourceTitle "playchess.com"]
[Source "ChessBase"]
[SourceQuality "1"]
[TimeControl "5400+30"]

1. Nf3 {[%emt 0:00:00]} Nf6 {[%emt 0:00:00]} 2. c4 {[%emt 0:00:03]} e6 {[%emt 0:00:08]} 3. g3 {[%emt 0:01:00]} d5 {[%emt 0:00:09]} 4. Bg2 {[%emt 0:00:03]} dxc4 {[%emt 0:00:43]} 5. Qa4+ {[%emt 0:00:33]} Bd7 {[%emt 0:00:45]} 6. Qxc4 {[%emt 0:00:02]} c5 {[%emt 0:00:09]} 7. Ne5 {[%emt 0:01:13]} Qc8 {[%emt 0:00:06]} 8. Qd3 {[%emt 0:00:13]} Nc6 {[%emt 0:00:51]} 9. Nxd7 {[%emt 0:00:06]} Nxd7 {[%emt 0:00:05]} 10. Qb5 {[%emt 0:03:07]} a6 {[%emt 0:07:02]} 11. Qa4 {[%emt 0:00:37]} Nd4 {[%emt 0:00:21]} 12. Qd1 {[%emt 0:02:30]} Be7 {[%emt 0:01:45]} 13. Nc3 {[%emt 0:00:38]} O-O {[%emt 0:00:43]} 14. O-O {[%emt 0:01:04]} Rd8 {[%emt 0:05:40]} 15. b3 {[%emt 0:01:43]} Ra7 {[%emt 0:09:21]} 16. Bb2 {[%emt 0:09:36]} b5 {[%emt 0:01:44]} 17. Rc1 {[%emt 0:01:59]} Rc7 {[%emt 0:10:32]} 18. e3 {[%emt 0:08:40]} Nc6 {[%emt 0:05:52]} 19. Qe2 {[%emt 0:07:06]} Bf6 {[%emt 0:06:14]} 20. d3 {[%emt 0:04:01]} Nb6 {[%emt 0:06:28]} 21. Rfd1 {[%emt 0:03:31]} h6 {[%emt 0:06:39]} 22. h4 {[%emt 0:16:47]} Rdd7 {[%emt 0:05:42]} 23. a4 {[%emt 0:02:29]} b4 {[%emt 0:06:32]} 24. Ne4 {[%emt 0:02:08]} Bxb2 {[%emt 0:00:04]} 25. Qxb2 {[%emt 0:00:05]} Na5 {[%emt 0:00:03]} 26. d4 {[%emt 0:03:28]} cxd4 {[%emt 0:01:36]} 27. Rxc7 {[%emt 0:00:19]} Rxc7 {[%emt 0:01:05]} 28. Qxd4 {[%emt 0:01:34]} Rd7 {[%emt 0:01:24]} 29. Nd6 {[%emt 0:02:11]} Qd8 {[%emt 0:00:07]} 30. Qxb4 {[%emt 0:03:06]} Nc8 {[%emt 0:01:44]} 31. Qb8 {[%emt 0:05:02]} Nxd6 {[%emt 0:01:01]} 32. Qxd8+ {[%emt 0:00:04]} Rxd8 {[%emt 0:00:06]} 33. b4 {[%emt 0:00:02]} Nac4 {[%emt 0:01:34]} 34. Bf1 {[%emt 0:00:29]} Rb8 {[%emt 0:00:59]} 35. e4 {[%emt 0:01:29]} e5 {[%emt 0:00:24]} 36. f4 {[%emt 0:00:31]} f6 {[%emt 0:00:20]} 0-1

[Event "XIII Termo-Eko cup 2018"]
[Site "Riga"]
[Date "2018.12.26"]
[Round "9"]
[White "Bekasovs, Rihards"]
[Black "Tihonov, Jurij"]
[Result "1/2-1/2"]
[WhiteElo "2206"]
[BlackElo "2399"]
[Annotator "NA"]
[PlyCount "66"]
[EventDate "2018.12.21"]
[EventType "swiss"]
[EventCountry "LAT"]
[SourceTitle "playchess.com"]
[Source "ChessBase"]
[SourceQuality "1"]
[TimeControl "5400+30"]

{[%evp 8,61,23,29,36,1,14,11,10,0,12,7,0,13,32767,32767,32767,32767,32767,32767,32767,38,34,25,27,15,21,15,21,24,20,25,26,19,16,19,20,12,29,11,84,0,9,16,50,29,29,24,29,53,56,56,41,0,0,0]} 1. Nf3 {[%emt 0:00:00]} d6 {[%emt 0:00:00]} 2. d4 {[%emt 0:00:42]} Nf6 {[%emt 0:00:33]} 3. g3 {[%emt 0:00:46]} g6 {[%emt 0:00:09]} 4. Bg2 {[%emt 0:00:06]} Bg7 {[%emt 0:00:07]} 5. O-O {[%emt 0:00:15]} O-O {[%emt 0:00:08]} 6. b3 {[%emt 0:00:43]} e5 {[%emt 0:06:09]} 7. dxe5 {[%emt 0:01:53]} dxe5 {[%emt 0:05:13]} 8. Ba3 {[%emt 0:03:10]} Qxd1 {[%emt 0:04:57] A49: 1 d4 Nf6 2 Nf3 g6 3 g3: Anti-King's Indian systems} 9. Rxd1 {[%emt 0:00:04]} Re8 {[%emt 0:00:07] LiveBook: 48 Games} 10. Nc3 {[%emt 0:03:33]} Na6 {[%emt 0:21:05]} 11. Rac1 $146 {[%emt 0:20:08]} ({Predecessor:} 11. Nd2 Rb8 12. Nb5 Bg4 13. f3 Bd7 14. c4 c6 15. Nd6 Red8 16. N2e4 Nxe4 17. Nxe4 {1-0 (82) Cordova,E (2655)-Sevian,S (2587) Saint Louis 2017}) 11... e4 {[%emt 0:11:37]} 12. Nd4 {[%emt 0:00:55]} c6 {[%emt 0:00:42]} 13. e3 {[%emt 0:02:45]} Bg4 {[%emt 0:00:57]} 14. Rd2 {[%emt 0:11:17]} Rad8 {[%emt 0:00:25]} 15. h3 {[%emt 0:00:27]} Bc8 {[%emt 0:02:51]} 16. Rcd1 {[%emt 0:00:24]} h5 {[%emt 0:07:58]} 17. Nde2 {[%emt 0:14:10]} Rxd2 {[%emt 0:00:06]} 18. Rxd2 {[%emt 0:00:01]} Bf8 {[%emt 0:02:40]} 19. Bxf8 {[%emt 0:03:49]} Kxf8 {[%emt 0:00:06]} 20. a3 {[%emt 0:00:09]} Nc7 {[%emt 0:01:17]} 21. Kf1 {[%emt 0:02:13]} Bf5 {[%emt 0:03:51]} 22. Ke1 {[%emt 0:02:04]} Ke7 {[%emt 0:01:04]} 23. Nd4 {[%emt 0:00:34]} c5 {[%emt 0:07:24]} (23... Ne6 $11) 24. Ndb5 {[%emt 0:05:22]} ({White should try} 24. Nxf5+ $16 gxf5 25. f3) 24... Nxb5 {[%emt 0:00:52]} 25. Nxb5 {[%emt 0:00:01]} a6 {[%emt 0:00:30]} 26. Nd6 {[%emt 0:01:34]} Rb8 {[%emt 0:00:05]} 27. Nxf5+ {[%emt 0:07:00]} gxf5 {[%emt 0:00:05]} 28. h4 {[%emt 0:00:01]} b5 {[%emt 0:04:30]} 29. Bf1 {[%emt 0:00:08]} a5 {[%emt 0:04:55]} 30. c4 {[%emt 0:02:27]} b4 {[%emt 0:03:09]} 31. a4 $11 {[%emt 0:00:25]} Ke6 {[%emt 0:02:52]} 32. Be2 {[%emt 0:00:16]} Rg8 {[%emt 0:00:54]} 33. Rd1 {[%emt 0:02:05]} Ke5 {[%emt 0:01:19]} 1/2-1/2